000 00540cam a2200145 4500500
005 20260111090537.0
041 _afre
042 _adc
100 1 0 _aLanghade, Jacques
_eauthor
245 0 0 _aLouis Gardet, L?Islam, Religion et communauté. 6e éd. Présentation de Malek Chebel. Desclée de Brouwer, 2002, 496 pages, 24 ?
260 _c2003.
500 _a30
786 0 _nÉtudes | 398 | 5 | 2003-05-01 | p. 703zc-719zc | 0014-1941
856 4 1 _uhttps://shs.cairn.info/revue-etudes-2003-5-page-703zc?lang=fr&redirect-ssocas=7080
999 _c1619111
_d1619111